000 00483nam a22001937a 4500
003 MPLRDC
005 20220104125714.0
008 210129b ||||| |||| 00| 0 eng d
020 _a981-04-6345-6
082 _a859.6 DZYL v.5
100 _a邓妙香
245 _a幽灵世界
_c
250 _a初版
260 _a
_b世一文化事业股份有限公司
_c2002
300 _b
490 _a大众优良故事精选
650 _a儿童故事
942 _cBK
_o859.6 DZYL v.5
999 _c29487
_d29477